Open Data Biblioteca Nacional de Portugal


República Portuguesa: Ministério da Cultura
Biblioteca Nacional de Portugal

Catálogo da BNP: acesso por Identificadores Unívocos
Registos Bibliográficos associados ao registo de autoridade

Etiqueta de registo: 00254nam 2200025 450
001 1947245
003 http://id.bnportugal.gov.pt/bib/catbnp/1947245
100 ## $a20161107d1716 m y0pory01030103ba
101 0# $alat
102 ## $aDX
105 ## $aa z 000yy
106 ## $ar
200 1# $aCorona Mariana complectens duodecim viridarii parthenii lilia, seu totidem castorum juvenum vitas Virgineae Matris honori, partheniñ juventutis utilitati...
210 #9 $aMonachii$ctypis Joannis Lucae Straubii,$d1716
215 ## $a[12], 363, [1] p., [13] f. grav.$cil.$d8º (16 cm)
304 ## $aNome dos autores, Leonard Bachin e Jakob Bidermann, referido na bibliografia
316 ## $aFaltam: três gravuras$5PTBN: H.G. 3558 P.
321 1# $aSommervogel coln. 751, nº 2 e coln. 1451, nº 36
620 ## $dMünchen
700 #1 $aBachin,$bLeonard,$f1602-1665,$cS.J.$31662168
701 #1 $aBidermann,$bJakob,$f1577-1639,$cS.J.$4070$3166415
702 #1 $aStraub,$bJohann Lukas,$ffl. 1692-1733$4610$31652225
801 #0 $aPT$bBN$gRPC
966 ## $lBN$mFGMON$nFaltam: três gravuras$sH.G. 3558 P.
997 ## $aBIBEOD

Etiqueta de registo: 00254nam 2200025 450
001 2286585
003 http://id.bnportugal.gov.pt/bib/catbnp/2286585
100 ## $a20260520d1636 m y0pory01030103ba
101 0# $alat
102 ## $aIT
105 ## $ay z 000yy
106 ## $ar
200 1# $aJacobi Bidermani è Societate Jesu Deliciae sacrae
210 #9 $aRomae$cformis Francisci Caballi,$d1636
215 ## $a345, [3 br.] p.$d24º (11 cm)
307 ## $aNa f. de rosto, emblema da Companhia de Jesus
307 ## $aAssin.: A-O//12, P//6
316 ## $aExemplar em mau estado. - Enc. em pergaminho$5PTBN: R. 1872 P.
317 ## $aPert. manuscrito na f. de guarda anterior: "Ex dono R. P. Hieronymi de Castilho". - Pert. manuscrito na f. de rosto: "Do Coll[egi]o de S. Fran[cis]co X[avi]er de Alfama em L[i]x[bo]a"$5PTBN: R. 1872 P.
321 ## $aICCU IT\ICCU\CFIE\022929
500 10 $aDeliciae sacrae
620 ## $dRoma
700 #1 $aBidermann,$bJakob,$f1577-1639,$cS.J.$3166415
702 #1 $aCavalli,$bFrancesco,$ffl. 1627-1657$4610$3417864
702 #1 $aCastilho,$bJerónimo de,$f1674-1730,$cS.J.$4390$31338722
712 02 $aCompanhia de Jesus.$bColégio de São Francisco Xavier$c(Alfama, Lisboa)$4390$397432
801 #0 $aPT$bBN$gRPC
966 ## $lBN$mFGMON$sR. 1872 P.
971 ## $cpmesqui$d20260520
997 ## $aBIBEOD

Etiqueta de registo: 00254nam 2200025 450
001 1942641
003 http://id.bnportugal.gov.pt/bib/catbnp/1942641
100 ## $a20160927d1633 m y0pory01030103ba
101 0# $alat
102 ## $aIT
105 ## $ay z 000yy
106 ## $ar
200 1# $aJacobi Bidermani e Societate Jesu Ubaldinus sive De vita & indole Antonii Mariae Ubaldini urbinatis, Monteae comitis, breviarium
210 #9 $aRoma$cFormis Heredum Gulielmi Facciotti,$d1633
215 ## $a104, [3, 1 br.] p.$d12º (10 cm)
307 ## $aNa p. de tít., emblema da Companhia de Jesus
620 ## $dRoma
700 #1 $aBidermann,$bJakob,$f1577-1639,$cS.J.$3166415
702 #1 $aFacciotti,$bGuglielmo$cHerdeiros,$ffl. 1633-1634$4610$3631223
801 #0 $aPT$bBN$gRPC
966 ## $lBN$mFGMON$sH.G. 3451 P.
997 ## $aBIBEOD

Etiqueta de registo: 00404cam 2200169 450
001 490113
003 http://id.bnportugal.gov.pt/bib/catbnp/490113
005 19990101000000.0
095 ## $aPTBN00692914
100 ## $a19950222d1666 km y0pory0103 ba
101 0# $alat
102 ## $aMC
200 1# $aOperum comicorum para altera...
210 #9 $aMonachii$[s.n.],$d1666
215 ## $a1 v.
700 #1 $aBidermann,$bJakob,$f1577-1639,$cS.J.$3166415
801 #0 $aPT$bBN$gRPC
966 ## $lBN$mFGMON$sL. 5042 P.
997 ## $aBIBEOD

Etiqueta de registo: 00254nam 2200025 450
001 1947098
003 http://id.bnportugal.gov.pt/bib/catbnp/1947098
100 ## $a20161107d1622 m y0pory01030103ba
101 0# $alat
102 ## $aDX
105 ## $ay z 000yy
106 ## $ar
200 1# $aRes a B. Ignatio Loiola Societatis Jesu parente gestae quas e Petri Ribadineirae compendio litteris hispanis vulgato, Jacobus Bidermanus Societatis Iesu latine conscripsit
205 ## $aEditio quarta. Auctori postremum recognita
210 #9 $aColoniae$csumptib. Bernardi Gualteri,$d1622
215 ## $a[4], 220, [16] p.$d16º (11 cm)
620 ## $dColónia
700 #1 $aRivadeneyra,$bPedro de,$f1527-1611,$cS.J.$398628
702 #1 $aBidermann,$bJakob,$f1577-1639,$cS.J.$4340$3166415
702 #1 $aWalter,$bBernhard,$ffl. 1598-1635$4650$31646223
801 #0 $aPT$bBN$gRPC
966 ## $lBN$mFGMON$sH.G. 3529 P.
997 ## $aBIBEOD

Etiqueta de registo: 00254nam 2200025 450
001 2286586
003 http://id.bnportugal.gov.pt/bib/catbnp/2286586
100 ## $a20260520d1705 m y0pory01030103ba
101 0# $alat
102 ## $aDX
105 ## $ay z 000yy
106 ## $ar
200 1# $aJacobi Bidermani è Societate Jesu Deliciae sacrae...
210 #9 $aMonachii$csumpt. Viduae & Haeredum Joannis Hermanni à Gelder...$ctypis Joannis Lucae Straubij,$d1705
215 ## $a[6], 400, [2] p.$d12º (13 cm)
307 ## $aNa f. de rosto, emblema da Companhia de Jesus
307 ## $aAssin.: A-R//12
316 ## $aEnc. em pergaminho$5PTBN: R. 1873 P.
321 ## $aBayerische Staatsbibliothek BV001372421
500 10 $aDeliciae sacrae
620 ## $dMunique
700 #1 $aBidermann,$bJakob,$f1577-1639,$cS.J.$3166415
702 #1 $aGelder,$bJohann Hermann von,$cViúva e Herdeiros$ffl. 1691-1705$4650$31998850
702 #1 $aStraub,$bJohann Lukas,$ffl. 1692-1733$4610$31652225
801 #0 $aPT$bBN$gRPC
856 40 $2Cópia digital disponível em Bayerische Staatsbibliothek$uhttps://www.digitale-sammlungen.de/view/bsb10575743?page=%2C1
966 ## $lBN$mFGMON$sR. 1873 P.
971 ## $cpmesqui$d20260520
997 ## $aBIBEOD

Etiqueta de registo: 00254nam 2200025 450
001 2098577
003 http://id.bnportugal.gov.pt/bib/catbnp/2098577
100 ## $a20220429d1703 m y0pory01030103ba
101 0# $alat
102 ## $aDX
105 ## $ay z 000yy
106 ## $ar
200 1# $aJacobi Bidermanni E Societate Jesu Acroamatum Academicorum Libri III
205 ## $aEditio Novissima juxta Antverp. Huic accessit Index utilissimus
210 #9 $aColoniae$cSumptibus Wilhelmi Metternich,$d1703
215 ## $a[6], 437, [7] p.$d12º (13 cm)
307 ## $aAssin.: A-S//12, T//10 (última branca)
317 ## $aPert. manuscrita na f. de rosto: "Gr[aç]a de L[i]x[bo]a" $5PTBN: L. 3117 P.
321 1# $aSommervogel 1, 1455
500 10 $aAcroamatum Academicorum Libri III
620 ## $dColónia
700 #1 $aBidermann,$bJakob,$f1577-1639,$cS.J.$3166415
702 #1 $aMetternich,$bWilhelm$ffl. 1680-1730$4610$31633364
712 02 $aOrdem dos Eremitas de Santo Agostinho.$bConvento de Nossa Senhora da Graça$c(Lisboa)$4390$354068
801 #0 $aPT$bBN$gRPC
856 40 $2Cópia digital disponível em Bayerische Staatsbibliothek$uhttps://www.digitale-sammlungen.de/en/view/bsb00068958?page=6,7
966 ## $lBN$mFGMON$sL. 3117 P.
971 ## $ccasilva$d20220429

Etiqueta de registo: 00254nam 2200025 450
001 2286588
003 http://id.bnportugal.gov.pt/bib/catbnp/2286588
100 ## $a20260520d1666 m y0pory01030103ba
101 0# $alat
102 ## $aDX
105 ## $ay z 000yy
106 ## $ar
200 1# $aJacobi Bidermani è Societate Jesu Deliciae sacrae
210 #9 $aMonachii$ctypis Joannis Wilhelmi Schell$csumptibus Joannis Wagneri Bibliopolae,$d1666
215 ## $a[6], 400, [2] p.$d8º (14 cm)
307 ## $aNa f. de rosto, emblema da Companhia de Jesus
307 ## $aAssin.: A-R//12
316 ## $aEnc. em pergaminho$5PTBN: R. 1874 P.
317 ## $aPert. manuscrito na f. de guarda anterior: "Aplicado à Liu[ra]r[i]a da 1ª classe de Rhet[orica] do Coll[egi]o da Comp[anhi]a de Jesu de Coimbra"$5PTBN: R. 1874 P.
321 ## $aBayerische Staatsbibliothek BV001372419
500 10 $aDeliciae sacrae
620 ## $dMunique
700 #1 $aBidermann,$bJakob,$f1577-1639,$cS.J.$3166415
702 #1 $aSchell,$bJohann Wilhelm,$ffl. 1655-1668$4610$31998859
702 #1 $aWagner,$bJohann,$ffl. 1647-1685$4650$31998865
712 02 $aCompanhia de Jesus.$bColégio das Artes$c(Coimbra)$4390$367861
801 #0 $aPT$bBN$gRPC
856 40 $2Cópia digital disponível em Bayerische Staatsbibliothek$uhttps://www.digitale-sammlungen.de/view/bsb10260256?page=6%2C7
966 ## $lBN$mFGMON$sR. 1874 P.
971 ## $cpmesqui$d20260520
997 ## $aBIBEOD

OpendataBNP@bnportugal.pt | Mais informação sobre acesso aos dados BNP